01404nam a2200277 a 450000100100000000500170001000800410002702000180006804000250008608200220011110000260013324500480015926000450020730000210025250000580027359000260033165000270035765000360038491000380042095201350045895201350059395201350072895201200086395201260098399900170110900003588420200930074706.0090630s2007 dr r 000 0 spa d a9789945410334 aDO-SdBNPbspacBNPHU a641.597293bA717c1 aAristy, Estela96188010aCocina criolla dominicana /cEstela Aristy. aSanto Domingo :bLetra gráfica,c2007. a206 p. ;c23 cm. aLa biblioteca posee la primera reimpresión del 2009 aInventariado, 2018/BT 4aCocina dominicana9192 4aPreparación de alimentos9193 aValidado. Control de calidad. MFF 001054708DSaGRbGRcHDd2012-10-24iLF1l0o641.597293 A717cp35884-30r2020-06-25te. 3w2020-06-25yLFDSZPréstamo en sala 001054708DSaGRbGRcHDd2012-10-24iLF1l0o641.597293 A717cp35884-40r2020-06-25te. 4w2020-06-25yLFDSZPréstamo en sala 001154708DSaGRbGRcMId2012-10-24iLF1l0o641.597293 A717cp35884-50r2020-06-25te. 5w2020-06-25yLFDSZPréstamo en sala 0010718PDaPDbPDcHDd2011-11-15iLF1l0o641.597293 A717cp35884-10r2020-06-25w2020-06-25yLFPDZNo se presta 0010718PDaPDbPDcHDd2011-11-15iLF1l0o641.597293 A717cp35884-20r2020-06-25te. 2w2020-06-25yLFPDZNo se presta c35375d35375